Las competencias: clave para una gestión integrada de los recursos humanos

Guardat en:
Dades bibliogràfiques
Autors principals: Fernández, Guadalupe (Autor), Cubeiro, Juan Carlos (Autor), Dalziel, Murray M (Autor)
Format: Llibre
Idioma:espanyol
Publicat: Bilbao Deusto 1996
Edició:2a. ed
Col·lecció:HayGroup
Matèries:
Etiquetes: Afegir etiqueta
Sense etiquetes, Sigues el primer a etiquetar aquest registre!

MARC

LEADER 00000nam a2200000 a 4500
001 UCP7227
003 CL-VaPUC
008 991203e19960000SP |||||||||||||||||spa|d
082 0 4 |a 658.3  |b FER  |2 21 
100 0 |a Fernández, Guadalupe  |e author  |9 436712 
700 0 |a Cubeiro, Juan Carlos  |e author  |9 436713 
700 0 |a Dalziel, Murray M  |e author  |9 436714 
245 1 4 |a Las competencias: clave para una gestión integrada de los recursos humanos 
250 |a 2a. ed 
300 |a 190 p 
942 |c BK 
945 |d 19991203 00:00:00  |a vberengu 
260 |a Bilbao  |b Deusto  |c 1996 
650 0 |a Administración de recursos  |9 335387 
650 7 |a CONTRATACION  |2 CL-VaPUC  |9 343748 
650 7 |a DESARROLLO DE LOS RECURSOS HUMANOS  |2 CL-VaPUC  |9 362807 
650 7 |a GESTION INTEGRADA  |2 CL-VaPUC  |9 436715 
650 0 |a Recursos humanos   |9 228420 
583 |a last modification  |c 19991203 00:00:00  |k Rodrigo Vera 
490 0 |a HayGroup 
999 |c 284536  |d 284534 
952 |0 0  |1 0  |4 0  |6 658_300000000000000_FER_1996  |7 0  |8 A  |9 328621  |a BIBEDU  |b BIBEDU  |d 2019-11-20  |i 3575098  |o 658.3 FER 1996  |p 3575098  |r 2019-11-20  |w 2019-11-20  |y BK  |k EDU 
952 |0 0  |1 0  |4 0  |6 658_300000000000000_FER_1996  |7 0  |8 A  |9 328622  |a BIBENE  |b BIBENE  |d 2019-11-20  |i 3580725  |o 658.3 FER 1996  |p 3580725  |r 2025-01-15  |w 2019-11-20  |y BK  |k ICO